00802nam a2200217 a 450000100100000000500170001000800410002702000150006804000250008308200160010810000420012424501150016626000370028130000210031849000190033950400310035870000380038983000260042795201140045399900170056700003562520200930074501.0111107s1991 sp a 000 0 spa d a847356068X aDO-SdBNPbspacBNPHU axxxxbM289c1 aManso Corononado, Frnacisco J.96153210aCurso de dirección estratégica comercial. /cFrnacisco J. Manso Corononado; prólogo Luis Valls Taberner. aMadrid :bESIC-Editorial,c1991. a376 p. ;c25 cm.1 aUniversidadv4 aBibliografía : p.369-3761 aValls Taberner, Luis,etr.961533 0aUniversidadv4949597 001050718MOaGRbGRcCTd2011-11-07iLF1l0oxxxx M289cp35625-10r2020-06-25w2020-06-25y1ZNo se presta c35116d35116